[Event "Mitropa Team Cup"]
[Site "Charleville FRA"]
[Date "2000.12.01"]
[Round "7"]
[White "Pilaj,H"]
[Black "Borgo,G"]
[Result "1/2-1/2"]
[WhiteElo "2334"]
[BlackElo "2391"]

1.d4 d5 2.c4 e6 3.Nc3 Nf6 4.Nf3 c6 5.e3 a6 6.Qc2 b5 7.cxd5 cxd5 8.Bd2 Bd6
9.e4 dxe4 10.Nxe4 Bb7 11.Nxd6+ Qxd6 12.Qc5 Qd5 13.Bb4 Qe4+ 14.Be2 Nc6 15.Bc3 Rc8
16.Qb6 Nd8 17.Qd6 Nd5 18.Ne5 Nxc3 19.Qd7+ Kf8 20.bxc3 f6 21.Qd6+ Ke8 22.Qd7+ Kf8
23.Qd6+ Kg8 24.Qe7 h6 25.f3 Qe3 26.Qe8+ Kh7 27.Qg6+ Kg8  1/2-1/2

[Event "Mitropa Team Cup"]
[Site "Charleville FRA"]
[Date "2000.12.03"]
[Round "9"]
[White "Doettling,F"]
[Black "Borgo,G"]
[Result "1/2-1/2"]
[WhiteElo "2473"]
[BlackElo "2391"]

1.d4 d5 2.c4 e6 3.Nc3 Nf6 4.Nf3 c6 5.e3 Nbd7 6.Qc2 Bd6 7.b3 O-O 8.Bb2 e5
9.cxd5 cxd5 10.dxe5 Nxe5 11.Be2 Nxf3+ 12.Bxf3 d4 13.exd4 Re8+ 14.Kf1 Qa5
15.Qd2 Bg4 16.Bxg4 Nxg4 17.h3 Nf6 18.Qd3 Rac8 19.h4 Ba3 20.Na4 Bxb2 21.Nxb2 Rc3
22.Nc4 Rxd3 23.Nxa5 Rd2 24.Nc4 Rxd4 25.Rh3 b5 26.Ne3 Rd2 27.Rf3 Ne4 28.Rf4 Rb2
29.Rc1 h5 30.Rc7 Rb1+ 31.Ke2 Rb2+ 32.Kf1 Rb1+ 33.Ke2 Rb2+ 34.Kf1  1/2-1/2

[Event "Open"]
[Site "Mallorca ESP"]
[Date "2000.12.06"]
[Round "5"]
[White "Pons,P"]
[Black "Castro Valero,J"]
[Result "0-1"]
[WhiteElo "2270"]
[BlackElo "2133"]

1.d4 d5 2.c4 e6 3.Nf3 Nf6 4.Nc3 c6 5.e3 Nbd7 6.Bd3 Bd6 7.O-O O-O 8.Qc2 dxc4
9.Bxc4 b5 10.Bd3 Bb7 11.e4 e5 12.dxe5 Nxe5 13.Nxe5 Bxe5 14.Be3 Ng4 15.g3 Nxe3
16.fxe3 Qg5 17.Rf3 Bc8 18.Re1 Bg4 19.Rf2 Rad8 20.Bf1 Rd6 21.a4 a6 22.Na2 h5
23.Nb4 h4 24.gxh4 Qxh4 25.Nd3 Re8 26.Nf4 Red8 27.Rc1 Bd1 28.Qc5 Rd2 29.Rg2 Rxg2+
30.Bxg2 Qe1+ 31.Bf1 Rd2 32.Nh3 Bxh2+  0-1

[Event "Open"]
[Site "Padova ITA"]
[Date "2000.12.06"]
[Round "5"]
[White "Timoscenko,G"]
[Black "Skembris,S"]
[Result "1-0"]
[WhiteElo "2529"]
[BlackElo "2475"]

1.Nf3 d5 2.d4 c6 3.c4 Nf6 4.Nc3 e6 5.e3 Nbd7 6.Qc2 Bd6 7.Be2 O-O 8.O-O dxc4
9.Bxc4 a6 10.Rd1 Qc7 11.Ne4 Nxe4 12.Qxe4 c5 13.Bd3 g6 14.Qh4 c4 15.Ng5 Nf6
16.Be2 h5 17.e4 e5 18.dxe5 Bxe5 19.Nf3 Bg4 20.Nxe5 Qxe5 21.f3 Nxe4 22.fxg4 Qc5+
23.Kf1 hxg4 24.Bxg4 g5 25.Qe1 f5 26.Bf3 Rae8 27.Be3 Qb5 28.Bxe4 Rxe4 29.Qc3 f4
30.Bf2 f3 31.gxf3 Ref4 32.Rd6 Qf5 33.Rh6 Rxf3 34.Rh8+ Kf7 35.Rh7+ Qxh7 36.Qxf3+ Kg8
37.Qd5+ Kh8 38.Qd4+ Qg7 39.Qxg7+ Kxg7 40.Rd1 Kg6 41.Rd7 Rf5 42.Rxb7 Ra5 43.a3 c3
44.bxc3 Rxa3 45.c4 Kf5 46.c5 Ke4 47.Re7+ Kd5 48.Rg7  1-0

[Event "Open"]
[Site "Padova ITA"]
[Date "2000.12.06"]
[Round "5"]
[White "Solozhenkin,E"]
[Black "Zlochevskij,A"]
[Result "1/2-1/2"]
[WhiteElo "2504"]
[BlackElo "2450"]

1.d4 d5 2.Nf3 Nf6 3.c4 c6 4.Nc3 e6 5.e3 Nbd7 6.Qc2 Bd6 7.Bd3 O-O 8.O-O dxc4
9.Bxc4 a6 10.Rd1 c5 11.dxc5 Bxc5 12.a4 Qc7 13.Ne4 Be7 14.Nxf6+  1/2-1/2

[Event "FSIMB December"]
[Site "Budapest HUN"]
[Date "2000.12.07"]
[Round "5"]
[White "Khechumyan,G"]
[Black "Zivanic,M"]
[Result "0-1"]
[WhiteElo "2255"]
[BlackElo "2300"]

1.c4 c6 2.d4 d5 3.e3 Nf6 4.Nc3 e6 5.Nf3 Nbd7 6.Qc2 Bd6 7.g4 Bb4 8.Bd2 Qe7
9.Bd3 h6 10.Rg1 b6 11.cxd5 Bxc3 12.Bxc3 Nxd5 13.O-O-O Bb7 14.Bd2 c5 15.e4 Rc8
16.exd5 cxd4 17.Qxc8+ Bxc8 18.dxe6 fxe6 19.Bg6+ Kf8 20.g5 hxg5 21.Bxg5 Nf6
22.Rxd4 Bb7 23.Rgd1 Qc7+ 24.Kb1 Bxf3 25.Rc1 Qe5 26.Bxf6 gxf6 27.Rd7 Be4+
28.Bxe4 Qxe4+ 29.Ka1 Ke8  0-1

[Event "Bundesliga 2000-1"]
[Site "Magdeburg GER"]
[Date "2000.12.08"]
[Round "5"]
[White "Pelletier,Y"]
[Black "Proehl,H"]
[Result "1/2-1/2"]
[WhiteElo "2474"]
[BlackElo "2386"]

1.Nf3 d5 2.d4 Nf6 3.c4 c6 4.Nc3 e6 5.e3 Nbd7 6.Qc2 Bd6 7.Be2 O-O 8.b3 Qe7
9.O-O dxc4 10.bxc4 e5 11.a4 Re8 12.Qb3 c5 13.dxe5 Nxe5 14.Nxe5 Bxe5 15.Bb2 Bg4
16.Qc2 Rad8 17.Rfd1 Qe6 18.f3 Bf5 19.e4 Bd4+ 20.Kh1 Bg6 21.Qc1 Qe5 22.f4 Nxe4
23.fxe5 Nf2+ 24.Kg1 Nxd1+ 25.Kf1 Ne3+ 26.Kg1 Nd1+ 27.Kf1 Ne3+ 28.Kg1 Nd1+  1/2-1/2

[Event "Bundesliga 2000-1"]
[Site "Magdeburg GER"]
[Date "2000.12.08"]
[Round "5"]
[White "Georgiev,Vl"]
[Black "Knaak,R"]
[Result "1-0"]
[WhiteElo "2564"]
[BlackElo "2513"]

1.d4 e6 2.c4 d5 3.Nc3 c6 4.e3 Nf6 5.Nf3 Nbd7 6.Bd3 dxc4 7.Bxc4 b5 8.Be2 b4
9.Na4 Bb7 10.O-O Be7 11.a3 a5 12.Qc2 O-O 13.Rd1 c5 14.Nxc5 Nxc5 15.dxc5 Qc7
16.axb4 axb4 17.Bd2 Be4 18.Qc4 Bd5 19.Qxb4 Bxc5 20.Qh4 Ne4 21.Rac1 Qa7 22.Ng5 Nxg5
23.Qxg5 Be7 24.Qg3 Bf6 25.Bc3 Bxc3 26.bxc3 Bb3 27.Re1 Rfd8 28.h4 Qc5 29.c4 Rac8
30.Rc3 Qb4 31.Rec1 Ba4 32.c5 Qb2 33.Qg4 h5 34.Qxa4 Qxe2 35.c6 Rd2 36.Rf1 Ra2
37.Qd4 Rd2 38.Qe5 Rd5 39.Qf4 Rd1 40.Rxd1 Qxd1+ 41.Kh2 Qd5 42.c7 f6 43.g3 Kf7
44.Qa4 Ke7 45.Qc2 Qf5 46.Qxf5 exf5 47.Rc5 Kd6 48.Rxf5 Rxc7 49.Rxh5 Ke6 50.Kg2 Ra7
51.Rh8 Ra4 52.h5 Kf7 53.h6  1-0

[Event "Bundesliga 2000-1"]
[Site "Gelsenkirchen GER"]
[Date "2000.12.09"]
[Round "3"]
[White "Piket,Je"]
[Black "Gurevich,M"]
[Result "1/2-1/2"]
[WhiteElo "2649"]
[BlackElo "2667"]

1.d4 d5 2.c4 c6 3.Nc3 Nf6 4.Nf3 e6 5.e3 Nbd7 6.Bd3 dxc4 7.Bxc4 b5 8.Bd3 b4
9.Ne4 Be7 10.O-O O-O 11.Nxf6+ Nxf6 12.e4 Bb7 13.Qe2 c5 14.dxc5 Nd7 15.c6 Bxc6
16.Be3 Bb7 17.Rfc1 Qa5 18.Bb5 Nf6 19.Nd4 Bxe4 20.Bc6 Bd6 21.Bxa8 Bxa8 22.Qb5 Qd8
23.Nc6 Bxc6 24.Rxc6 Ng4 25.g3 Nxe3 26.fxe3 Be7 27.Rc2 Qd6 28.Kg2 h6 29.Rf1 Bf6
30.Rff2 Rb8 31.Qc6 Qd3 32.e4 b3 33.axb3 Qxb3 34.Qd7 Qe3 35.Rc8+ Rxc8 36.Qxc8+ Kh7
37.Qc2 Kg8 38.Rf3 Qd4 39.Rb3 Be5 40.Rb7 Qe3 41.Rb3 Qd4 42.Rb7  1/2-1/2

[Event "Open"]
[Site "Zadar CRO"]
[Date "2000.12.09"]
[Round "1"]
[White "Kamenecki,S"]
[Black "Gagarin,V"]
[Result "0-1"]
[WhiteElo "2030"]
[BlackElo "2395"]

1.d4 d5 2.c4 c6 3.Nc3 Nf6 4.Nf3 e6 5.e3 Nbd7 6.Be2 Bd6 7.h3 O-O 8.Qc2 dxc4
9.Bxc4 b5 10.Bd3 Bb7 11.Ng5 h6 12.Nge4 Be7 13.Nxf6+ Nxf6 14.Ne4 Nxe4 15.Bxe4 Qb6
16.O-O Rac8 17.Qe2 c5 18.Bxb7 Qxb7 19.dxc5 Rxc5 20.Bd2 Rd8 21.Rfc1 Rcd5 22.Ba5 R8d7
23.a3 Bf6 24.Rc2 Rd3 25.Rac1 Qd5 26.Rc8+ Kh7 27.Qc2 g6 28.Bc3 Bxc3 29.Rxc3 Rd2
30.Qb1 Qh5 31.Rf1 Qe2 32.Rcc1 Rxb2 33.Qa1 a5 34.Rce1 Qc2 35.Rc1 Qb3 36.Rb1 Rdd2
37.Rbd1 Rxd1 38.Qxd1 Qxd1 39.Rxd1 Rb3 40.Rd7 Rxa3 41.Rxf7+ Kg8 42.Rf6 Ra1+
43.Kh2 b4 44.Rxg6+ Kf7 45.Rxh6 b3 46.Rh7+ Kg6 47.Rb7 a4 48.g4 Rb1 49.Ra7 Ra1
50.Rb7 Ra2 51.Kg3 b2 52.f4 a3 53.h4 Ra1 54.h5+ Kh6 55.Kh2 b1=Q 56.Re7 Qh1+
57.Kg3 Rg1+  0-1

[Event "Bundesliga 2000-1"]
[Site "Magdeburg GER"]
[Date "2000.12.10"]
[Round "4"]
[White "Atalik,S"]
[Black "Rogozenko,D"]
[Result "1/2-1/2"]
[WhiteElo "2549"]
[BlackElo "2531"]

1.Nf3 d5 2.c4 c6 3.e3 Nf6 4.Nc3 e6 5.d4 Nbd7 6.Bd2 Bd6 7.Bd3 O-O 8.O-O dxc4
9.Bxc4 e5 10.Bb3 Qe7 11.Qc2 e4 12.Ng5 Bxh2+ 13.Kxh2 Ng4+ 14.Kg1 Qxg5 15.Qxe4 Ndf6
16.Qf4 Qxf4 17.exf4 Nh6 18.d5 cxd5 19.Nxd5 Nxd5 20.Bxd5 Be6 21.Bf3 Rad8 22.Bb4 Rfe8
23.Rfe1 Nf5 24.Bc3 Nd4 25.Bd1 Bd7 26.Re3 Bc6 27.Rxe8+ Bxe8 28.f3 Bc6 29.Kf2 h5
30.g3 Rd7 31.Rc1 Rd5 32.Be1 a5 33.Bc3 g6 34.Be1 Kf8 35.Rc4 b5 36.Rc1 b4 37.a3 b3
38.Bc3 a4 39.Bb4+  1/2-1/2

[Event "Open"]
[Site "Zadar CRO"]
[Date "2000.12.12"]
[Round "4"]
[White "Kovacevic,B"]
[Black "Savchenko,S"]
[Result "1-0"]
[WhiteElo "2443"]
[BlackElo "2579"]

1.c4 c6 2.Nf3 d5 3.e3 Nf6 4.Nc3 e6 5.d4 Nbd7 6.Bd3 dxc4 7.Bxc4 b5 8.Be2 Bb7
9.O-O Be7 10.e4 b4 11.e5 bxc3 12.exf6 Bxf6 13.bxc3 O-O 14.Rb1 Qc7 15.Qd3 c5
16.Ng5 Bxg5 17.Bxg5 Rac8 18.Bf4 Qxf4 19.Rxb7 Nb8 20.Qe3 Qxe3 21.fxe3 cxd4
22.cxd4 Rc2 23.Bg4 Nc6 24.a4 a5 25.Bf3 Rc4 26.Rb5 Rc8 27.Bxc6 R4xc6 28.Rxa5 Rc2
29.Ra7 f6 30.Rb1 Re2 31.h3 Rxe3 32.Kf2 Rd3 33.Rbb7 Kh8 34.Rxg7 Rxd4 35.Rxh7+ Kg8
36.Rag7+ Kf8 37.Ra7 Kg8 38.Rhe7 e5 39.a5 Rd2+ 40.Kg3 Kf8 41.Rf7+ Kg8 42.Rfe7  1-0

[Event "TCh-YUG Women"]
[Site "Kragujevac YUG"]
[Date "2000.12.14"]
[Round "4"]
[White "Alexandrova,O"]
[Black "Velcheva,M"]
[Result "1/2-1/2"]
[WhiteElo "2421"]
[BlackElo "2302"]

1.d4 d5 2.c4 c6 3.Nc3 Nf6 4.e3 e6 5.Nf3 Nbd7 6.Qc2 b6 7.cxd5 exd5 8.Bd3 Bb7
9.O-O Be7 10.e4 dxe4 11.Nxe4 O-O 12.Ne5 c5 13.Nxd7 Qxd7 14.Nxf6+ Bxf6 15.dxc5 Bxg2
16.Kxg2 Qg4+ 17.Kh1 Qf3+ 18.Kg1 Qg4+ 19.Kh1 Qf3+ 20.Kg1  1/2-1/2

[Event "52nd ch-Montenegro"]
[Site "Tivat YUG"]
[Date "2000.12.15"]
[Round "7"]
[White "Blagojevic,D"]
[Black "Todorovic,J"]
[Result "1/2-1/2"]
[WhiteElo "2475"]
[BlackElo "2431"]

1.Nf3 d5 2.d4 e6 3.c4 c6 4.Nc3 Nf6 5.e3 Nbd7 6.Bd3 Be7 7.O-O O-O 8.b3 b6
9.Bb2 Bb7 10.Qe2 c5 11.cxd5 Nxd5 12.Nxd5 Bxd5 13.Rfd1 cxd4 14.Nxd4 Bf6 15.Bb5 Qe7
16.Nf5 exf5 17.Rxd5 Bxb2 18.Qxb2 Nf6 19.Rxf5 Rad8 20.h3 Rd6 21.Rf4 Ne4 22.f3 Ng5
23.Re1 Rfd8  1/2-1/2

[Event "Abel Cardona Open"]
[Site "Cali COL"]
[Date "2000.12.17"]
[Round "2"]
[White "Komarov,D"]
[Black "Echavarria,J"]
[Result "1/2-1/2"]
[WhiteElo "2556"]
[BlackElo "2328"]

1.d4 d5 2.c4 c6 3.Nf3 Nf6 4.Nc3 e6 5.e3 Nbd7 6.Bd3 dxc4 7.Bxc4 b5 8.Bd3 a6
9.e4 c5 10.e5 cxd4 11.Nxb5 axb5 12.exf6 gxf6 13.O-O Qb6 14.Qe2 b4 15.Rd1 Bc5
16.Bf4 h5 17.Rd2 Kf8 18.Be4 Ra5 19.Bg3 Kg7 20.Qd1 Nf8 21.Nxd4 h4 22.Bf4 e5
23.Nb3 exf4 24.Nxa5 Qxa5 25.Rc1 Be6 26.Bd5 Rh6 27.Rc4 Rg6 28.Rxf4 Rg5 29.Bxe6 Nxe6
30.Rxh4 Qxa2 31.Rg4 Qa7 32.h4 Rxg4 33.Qxg4+ Kf8 34.h5 Qa1+ 35.Qd1 Qxd1+ 36.Rxd1 Kg7
37.Kf1 Bd4 38.Rd2 f5 39.Ke2 Kh6 40.Kd3 Kxh5 41.Kc4 Bc5 42.Rd5 Bf8 43.Rxf5+ Kg6
44.Rb5 Nf4 45.g3 Ne6 46.f4 Kf6 47.g4 Bd6 48.f5 Ng5 49.Kd5 Bf8 50.Rb6+ Kg7
51.Ke5 Nh7 52.Rb7 Bc5 53.Kd5 Bf8 54.Ke5 Bc5  1/2-1/2

[Event "Abel Cardona Open"]
[Site "Cali COL"]
[Date "2000.12.18"]
[Round "4"]
[White "Buitrago,J"]
[Black "Lopez,CM"]
[Result "0-1"]
[WhiteElo "2231"]
[BlackElo "2346"]

1.d4 d5 2.c4 c6 3.Nc3 Nf6 4.e3 e6 5.Nf3 Nbd7 6.Bd3 dxc4 7.Bxc4 b5 8.Bd3 Bb7
9.a3 b4 10.axb4 Bxb4 11.O-O c5 12.dxc5 Nxc5 13.Bb5+ Ke7 14.Nd4 Qd6 15.Bd2 Rhd8
16.Be2 a5 17.Bf3 Qb6 18.Na4 Nxa4 19.Rxa4 Bxf3 20.gxf3 Bxd2 21.Qxd2 Kf8 22.Qe2 Rab8
23.Rfa1 Rd5 24.Qe1 e5 25.Ne2 Qxb2 26.Nc3 Rdd8 27.Rxa5 Rbc8 28.Ne4 Nxe4 29.fxe4 g6
30.Rd5 Kg7 31.Rad1 Re8 32.Qf1 Rc2 33.Qg2 Qb4 34.Qf3 Re6 35.Rf1 Qc4 36.Qg2 h5
37.Qf3 Ra2 38.Rd7 Rf6 39.Qg2 Ra4 40.Re7 Qxe4 41.Qxe4 Rxe4 42.Ra1 Rg4+ 43.Kf1 Rb4
44.Ra2 Rf5 45.Kg2 Rg4+ 46.Kf1 h4 47.Ra5 Re4 48.Kg2 Kf8 49.Raa7 Rg4+ 50.Kf1 h3
51.f4 Rg2 52.Rxe5 Rxe5 53.fxe5 Rxh2 54.e6 fxe6 55.Rh7 g5 56.e4 g4 57.Kg1 Re2  0-1

[Event "XIII Carlos Torre Open"]
[Site "Merida MEX"]
[Date "2000.12.18"]
[Round "5"]
[White "Escobedo Tinajero,A"]
[Black "Sammalvuo,T"]
[Result "1/2-1/2"]
[WhiteElo "2381"]
[BlackElo "2388"]

1.d4 d5 2.c4 c6 3.Nc3 Nf6 4.Nf3 e6 5.e3 Nbd7 6.Qc2 Bd6 7.g4 Bb4 8.Bd2 Qe7
9.Rg1 b6 10.cxd5 exd5 11.Bd3 Bb7 12.a3 Bxc3 13.Bxc3 O-O 14.Ng5 h6 15.Nh7 Rfe8
16.Nxf6+ Nxf6 17.O-O-O Ne4 18.Be1 c5 19.Kb1 cxd4 20.exd4 Rac8 21.Qb3 Bc6
22.f3 Qd7 23.Bc2 Nd6 24.Bb4 Re2 25.Bxd6 Rxc2 26.Qxc2 Ba4 27.Qf5 Bc2+ 28.Qxc2 Rxc2
29.Kxc2 Qxd6 30.Rg2 Qf4 31.Rd3 g5 32.Rgd2 Kg7 33.Rc3 h5 34.gxh5 Kh6 35.Rcd3 Kxh5
36.Rg2 f6 37.Kd1 Qf5 38.Ke2 Qf4 39.Kd1 Qf5 40.Rgd2 Qh3 41.Ke1 Kg6 42.Rf2 Qf5
43.Ke2 Qh3 44.Re3 Qh4 45.Rd3 Qh3 46.Ke1 Qf5 47.Rd1 Qh3 48.Rdd2 Kf7 49.Rc2 Qh4
50.f4 gxf4 51.Rc3 Kg6 52.Rf3 Kf5 53.h3 Ke4 54.Kd2 Qg5 55.Kc3 Qh6 56.b3 a5
57.a4 Qg5 58.Kc2 Qh4 59.Kd2 Qg5 60.Kc2 Qh4 61.Kd2 Qg5  1/2-1/2

[Event "2nd Viking GMB"]
[Site "York ENG"]
[Date "2000.12.18"]
[Round "6"]
[White "Knott,S"]
[Black "Bakre,T"]
[Result "1-0"]
[WhiteElo "2381"]
[BlackElo "2358"]

1.c4 c6 2.Nc3 d5 3.e3 Nf6 4.d4 e6 5.Nf3 Nbd7 6.Bd3 dxc4 7.Bxc4 b5 8.Bd3 a6
9.e4 c5 10.e5 cxd4 11.Nxb5 Ng4 12.Nd6+ Bxd6 13.exd6 Bb7 14.O-O Qb6 15.Bf4 Rd8
16.Re1 Qxb2 17.Nd2 h5 18.Rb1 Qc3 19.Rb3 Qc8 20.Nc4 O-O 21.Nb6 Qc5 22.Qb1 Nxb6
23.Rxb6 g5 24.Bd2 Ba8 25.Rxa6 Rxd6 26.Ra5 Qxa5 27.Bxa5 Rd5 28.Bd2 Nf6 29.Bc4 Rf5
30.Bd3 Rd5 31.Bc4 Rf5 32.Rxe6 Rc5 33.Rxf6 Rxc4 34.Qf5 Re8 35.Qxg5+ Kf8 36.h4  1-0

[Event "XIII Carlos Torre Open"]
[Site "Merida MEX"]
[Date "2000.12.19"]
[Round "6"]
[White "Vera,R"]
[Black "Filippov,V"]
[Result "0-1"]
[WhiteElo "2584"]
[BlackElo "2593"]

1.d4 d5 2.c4 e6 3.Nc3 c6 4.e3 Nf6 5.Nf3 Nbd7 6.Bd3 dxc4 7.Bxc4 b5 8.Bd3 a6
9.e4 c5 10.e5 cxd4 11.Ne4 Nd5 12.O-O Bb7 13.a4 bxa4 14.Re1 Nb4 15.Bb1 Nc5
16.Nxc5 Bxc5 17.Rxa4 Qb6 18.Bd2 a5 19.Ra3 h6 20.Be4 d3 21.Qa4+ Ke7 22.Bxb7 Bxf2+
23.Kh1 Bxe1 24.Bxa8 Bxd2 25.Be4 Rc8 26.Ra1 Be3  0-1

[Event "Abel Cardona Open"]
[Site "Cali COL"]
[Date "2000.12.22"]
[Round "9"]
[White "Szmetan,J"]
[Black "Cuartas,J"]
[Result "1/2-1/2"]
[WhiteElo "2394"]
[BlackElo "2356"]

1.Nf3 d5 2.c4 c6 3.d4 Nf6 4.Nc3 e6 5.e3 Nbd7 6.Qc2 Bd6 7.b3 O-O 8.Bb2 Qe7
9.Be2 b6 10.O-O Bb7 11.e4 Nxe4 12.Nxe4 dxe4 13.Qxe4 f5 14.Qe3 c5 15.Rad1 Rad8
16.dxc5 Bxc5 17.Qg5 Nf6 18.Qh4 Rxd1 19.Rxd1 Rd8 20.Rxd8+ Qxd8 21.Qf4 Ng4
22.Kf1 Bxf2 23.h3 Be3 24.Qg3 Bxf3 25.Bxf3 Bf2 26.Qf4 Be3 27.Qg3 Bf2 28.Qf4 Be3  1/2-1/2

[Event "ch-ISR"]
[Site "Ramat-Aviv/Modiin ISR"]
[Date "2000.12.22"]
[Round "6"]
[White "Avrukh,B"]
[Black "Kaspi,A"]
[Result "1-0"]
[WhiteElo "2625"]
[BlackElo "2488"]

1.d4 d5 2.c4 c6 3.Nc3 Nf6 4.e3 e6 5.Nf3 Nbd7 6.Bd3 dxc4 7.Bxc4 b5 8.Bd3 b4
9.Ne4 Be7 10.O-O Bb7 11.Nxf6+ Nxf6 12.e4 c5 13.Qa4+ Kf8 14.Re1 h6 15.Bf4 cxd4
16.Rac1 Ne8 17.Rc4 a5 18.Rxd4 Qb6 19.Be3 Bc5 20.Ne5 Nf6 21.Rd7 Bxe3 22.Rxf7+ Kg8
23.Rxe3 Qc5 24.Rg3 Nh5 25.Rgxg7+ Nxg7 26.Rxg7+ Kxg7 27.Qd7+ Kf6 28.Ng4+ Kg6
29.e5+ Be4 30.Bxe4+ Kg5 31.Qd2+ Kxg4 32.h3+ Kh5 33.Qe2+  1-0

[Event "Tournament for the 21st Century"]
[Site "Subotica YUG"]
[Date "2000.12.27"]
[Round "9"]
[White "Shariyazdanov,A"]
[Black "Sedlak,N"]
[Result "1/2-1/2"]
[WhiteElo "2582"]
[BlackElo "2423"]

1.d4 d5 2.c4 c6 3.Nc3 Nf6 4.e3 e6 5.Nf3 Nbd7 6.Qc2 Bd6 7.Bd3 O-O 8.O-O dxc4
9.Bxc4 b5 10.Be2 Bb7 11.Rd1 Qb8 12.e4 e5 13.Bg5 Re8 14.dxe5 Bxe5 15.Nxe5 Qxe5
16.Be3 b4 17.Na4 Qxe4 18.Bd3 Qh4 19.Bf5 Ne5 20.Rd4 Neg4 21.Bf4 Bc8 22.Bg3 Qg5
23.Bxc8 Raxc8 24.Rxb4 Nh5 25.Qc4 Qd2 26.Qc3 Qe2 27.Rf1 c5 28.Nxc5 Nxg3 29.hxg3 Nh2
30.Rc1 Ng4 31.Rf1 Nh2  1/2-1/2

[Event "Christmas Open"]
[Site "Zurich SUI"]
[Date "2000.12.27"]
[Round "2"]
[White "Nemet,I"]
[Black "Wyler,E"]
[Result "1-0"]
[WhiteElo "2412"]
[BlackElo "2065"]

1.d4 d5 2.Nf3 c6 3.c4 Nf6 4.e3 e6 5.Nc3 Nbd7 6.Qc2 Bd6 7.Be2 O-O 8.O-O dxc4
9.Bxc4 b5 10.Bd3 Bb7 11.e4 e5 12.Ne2 Rc8 13.Bg5 Qe8 14.Bxf6 gxf6 15.Ng3 Kh8
16.Nf5 Bb8 17.dxe5 Nxe5 18.Nxe5 Qxe5 19.f4 Qe6 20.Rae1 Rg8 21.Ng3 c5 22.e5 c4
23.Be4 Bxe4 24.Qxe4 a6 25.Nh5 fxe5 26.fxe5 Rg4 27.Nf4 Qh6 28.h3 Ba7+ 29.Kh1 Rcg8
30.e6 Rxg2 31.exf7  1-0

[Event "Ambassador Open"]
[Site "Bern SUI"]
[Date "2000.12.28"]
[Round "5"]
[White "Hamzabegovic,M"]
[Black "Curien,N"]
[Result "0-1"]
[WhiteElo "2114"]
[BlackElo "2218"]

1.d4 d5 2.c4 c6 3.Nf3 Nf6 4.Nc3 e6 5.e3 Nbd7 6.Qc2 Bd6 7.Bd3 O-O 8.O-O dxc4
9.Bxc4 b5 10.Be2 a6 11.Rd1 Qe7 12.h3 Bb7 13.e4 e5 14.dxe5 Nxe5 15.Nd4 Bc5
16.Nf5 Qc7 17.Bg5 Nfd7 18.a3 f6 19.Bh4 g6 20.Nd4 Bxd4 21.Rxd4 Nb6 22.Nd5 Nxd5
23.Rxd5 Qe7 24.Rd2 Rad8 25.Rad1 Rxd2 26.Rxd2 c5 27.f3 Kg7 28.Bf2 Rc8 29.Qd1 Rc7
30.Bg3 Bc6 31.Bf4 Rd7 32.Rxd7 Qxd7 33.Qc1 Qd6 34.Be3 Nd7 35.Kf2 a5 36.Qc3 a4
37.Qa5 b4 38.Qa6 bxa3 39.bxa3 Ne5 40.Qa7+ Nd7 41.Qa6 Ne5 42.Qa7+ Nd7 43.Bc4 g5
44.Qa6 Ne5 45.Bd5 c4 46.Bd4 c3 47.Qa7+ Kh6 48.Bg8 Qxd4+ 49.Qxd4 c2 50.Qa7 Bd7
51.Qb6 Kg7  0-1

[Event "Eastern Open"]
[Site "Washington DC USA"]
[Date "2000.12.28"]
[Round "3"]
[White "Fayvinov,Z"]
[Black "Fernandez,D"]
[Result "1-0"]
[WhiteElo "2288"]
[BlackElo "2212"]

1.d4 d5 2.c4 e6 3.Nc3 c6 4.e3 Nf6 5.Nf3 Nbd7 6.Bd3 dxc4 7.Bxc4 b5 8.Bd3 Bb7
9.e4 a6 10.e5 Nd5 11.Nxd5 cxd5 12.O-O Be7 13.Bd2 O-O 14.Qe1 Nb8 15.Qb1 h6
16.Qc1 f5 17.exf6 Rxf6 18.Ne5 Qb6 19.Be3 Nc6 20.Nd7 Qa7 21.Qd1 Bc8 22.Nxf6+ Bxf6
23.Rc1 Nxd4 24.Qg4 Bd7 25.Rfd1 Kf8 26.Qg3 Ke7 27.Bf1 h5 28.Rxd4 Bxd4 29.Qh4+  1-0

[Event "Premier"]
[Site "Hastings ENG"]
[Date "2000.12.31"]
[Round "3"]
[White "Ftacnik,L"]
[Black "Gormally,D"]
[Result "1-0"]
[WhiteElo "2608"]
[BlackElo "2499"]

1.d4 d5 2.c4 c6 3.Nc3 e6 4.e3 Nf6 5.Nf3 Nbd7 6.Qc2 Bd6 7.Be2 O-O 8.O-O Qe7
9.Rd1 b6 10.e4 dxe4 11.Nxe4 Nxe4 12.Qxe4 Bb7 13.Bf4 Bxf4 14.Qxf4 Nf6 15.Ne5 c5
16.Bf3 Bxf3 17.Qxf3 Rac8 18.Rd3 Qc7 19.Qe3 Rfd8 20.Rad1 Nd7 21.Nxd7 Rxd7
22.dxc5 Rxd3 23.Rxd3 bxc5 24.Qd2 h6 25.Rd7 Qe5 26.h3 Rc7 27.Rd8+ Kh7 28.b3 Rb7
29.g3 g6 30.Qd6 Qe1+ 31.Kg2 Qe4+ 32.Kh2 Qf5 33.Qd2 Qe5 34.Rc8 Rc7 35.Rxc7 Qxc7
36.b4 cxb4 37.Qxb4 e5 38.Qb5 Kg7 39.Qd5 Kf6 40.c5 Ke7 41.Kg2 f6 42.g4 g5
43.Kf3 Qd7 44.Ke4 Qa4+ 45.Kf3 Qd7 46.Qxd7+ Kxd7 47.Ke4 Kc6 48.Kf5 Kxc5 49.Kxf6 Kd4
50.Kg6 Ke4 51.Kxh6 Kf4 52.Kg6  1-0

[Event "3rd Hilton Open"]
[Site "Basle SUI"]
[Date "2001.01.02"]
[Round "2"]
[White "Kliment,J"]
[Black "Loeffler,M"]
[Result "0-1"]
[WhiteElo "2122"]
[BlackElo "2379"]

1.d4 Nf6 2.c4 e6 3.Nc3 d5 4.Nf3 c6 5.e3 Bd6 6.Qc2 O-O 7.Bd3 Nbd7 8.O-O e5
9.dxe5 Nxe5 10.cxd5 cxd5 11.Be2 Be6 12.Nd4 Rc8 13.f4 Nc6 14.Nxc6 bxc6 15.Bf3 Re8
16.h3 Bd7 17.Kh1 Qe7 18.Rd1 h5 19.Bd2 g6 20.Re1 Bf5 21.Qa4 Qb7 22.Nd1 Ne4
23.Bxe4 Rxe4 24.Qa5 Rce8 25.Rc1 R4e6 26.Qc3 Bf8 27.Rf1 c5 28.a3 Bxh3 29.e4 Bg4
30.exd5 Qxd5 31.Ne3 Qd4 32.Nxg4 hxg4 33.Qxd4 cxd4 34.Rfe1 Re2 35.Rcd1 Rxd2  0-1

[Event "Rilton Cup"]
[Site "Stockholm SWE"]
[Date "2001.01.02"]
[Round "6"]
[White "Yakovich,Y"]
[Black "Hector,J"]
[Result "1-0"]
[WhiteElo "2585"]
[BlackElo "2509"]

1.d4 d5 2.c4 c6 3.Nc3 Nf6 4.e3 e6 5.Nf3 Nbd7 6.Bd3 dxc4 7.Bxc4 b5 8.Bd3 a6
9.e4 c5 10.d5 c4 11.Bc2 Qc7 12.O-O Bc5 13.b3 Ne5 14.Bf4 Bd6 15.Nxe5 Bxe5
16.d6 Qc5 17.b4 Qd4 18.Bxe5 Qxe5 19.Qd2 g5 20.f4 gxf4 21.Rxf4 Rg8 22.Raf1 Rg6
23.Nd5 exd5 24.exd5 Qxd5 25.Qe2+ Be6 26.Bxg6 hxg6 27.Rxf6 Qd4+ 28.R6f2 O-O-O
29.Rd1 Qb6 30.Qe5 Bd7 31.Rd5 Kb8 32.Rc5 Bf5 33.d7+ Kb7 34.Qd5+ Ka7 35.Rc6 Rxd7
36.Qxd7+ Bxd7 37.Rxb6 Kxb6 38.Rxf7  1-0

[Event "Open"]
[Site "Ano Liosia GRE"]
[Date "2001.01.03"]
[Round "7"]
[White "Banikas,H"]
[Black "Chilov,A"]
[Result "1-0"]
[WhiteElo "2542"]
[BlackElo "2268"]

1.d4 d5 2.c4 c6 3.Nc3 Nf6 4.Nf3 e6 5.e3 Nbd7 6.Bd3 dxc4 7.Bxc4 b5 8.Bd3 a6
9.e4 c5 10.d5 c4 11.Bc2 Qc7 12.dxe6 fxe6 13.O-O Bd6 14.Ng5 Nf8 15.f4 Bc5+
16.Kh1 Bb7 17.e5 Rd8 18.Qe2 Nd5 19.Nce4 Be7 20.Bd2 h6 21.Qh5+ g6 22.Nd6+ Kd7
23.Qh3 Bxd6 24.exd6 Kxd6 25.Bc3 Nxc3 26.Qxc3 Rg8 27.Qa3+ Kc6 28.Ne4 Nd7 29.Rfd1 Kb6
30.Rxd7 Rxd7 31.Qe3+ Ka5 32.b4+ cxb3 33.axb3+ Kb4 34.Qe1+  1-0

[Event "Rilton Cup"]
[Site "Stockholm SWE"]
[Date "2001.01.03"]
[Round "7"]
[White "Barkhagen,J"]
[Black "Carlhammar,M"]
[Result "0-1"]
[WhiteElo "2449"]
[BlackElo "2260"]

1.d4 d5 2.c4 e6 3.Nc3 c6 4.e3 Nf6 5.Nf3 Nbd7 6.Qc2 Bd6 7.b3 O-O 8.Be2 Re8
9.O-O Qe7 10.Bb2 b6 11.e4 Nxe4 12.Nxe4 dxe4 13.Qxe4 Bb7 14.Bd3 f5 15.Qe2 c5
16.Rad1 Rad8 17.Bb1 cxd4 18.Nxd4 Qh4 19.h3 Qf4 20.g3 Qh6 21.h4 Bb8 22.Rfe1 Nf8
23.Nf3 Qh5 24.Rxd8 Rxd8 25.Nd4 Qg6 26.Qe3 Qg4 27.Qc3 Rd7 28.Kf1 f4 29.Be4 Qh3+
30.Kg1 fxg3 31.Nf3 gxf2+  0-1

[Event "3rd Hilton Open"]
[Site "Basle SUI"]
[Date "2001.01.04"]
[Round "4"]
[White "Goldstern,F"]
[Black "Staechelin,R"]
[Result "1-0"]
[WhiteElo "2386"]
[BlackElo "2215"]

1.Nf3 d5 2.d4 Nf6 3.c4 c6 4.Nc3 e6 5.e3 Nbd7 6.Qc2 Bd6 7.Bd3 O-O 8.O-O h6
9.Rd1 Qe7 10.e4 dxc4 11.Bxc4 e5 12.Nh4 Nb6 13.Ng6 Qc7 14.Bb3 Re8 15.dxe5 Bxe5
16.Nxe5 Qxe5 17.f3 Be6 18.Be3 Bxb3 19.axb3 Qb8 20.Qf2 Nc8 21.Rd3 Nh7 22.Rad1 Nb6
23.Bxb6 axb6 24.Qxb6 Nf8 25.b4 Ra6 26.Qf2 Rc8 27.b5 cxb5 28.Nxb5 Qe5 29.Rd5 Qf6
30.Nd6 Rd8 31.e5 Qe6 32.Qg3 Rb6 33.Nf5 Qxf5 34.Rxd8 Rxb2 35.h4 Qc2 36.f4 b5
37.f5 b4 38.f6 Qc5+ 39.Kh2 g6 40.e6  1-0

[Event "Troll Masters"]
[Site "Gausdal NOR"]
[Date "2001.01.06"]
[Round "2"]
[White "Akesson,R"]
[Black "Hole,O"]
[Result "1-0"]
[WhiteElo "2467"]
[BlackElo "2243"]

1.d4 d5 2.c4 c6 3.Nc3 Nf6 4.e3 e6 5.Nf3 Nbd7 6.Bd3 dxc4 7.Bxc4 b5 8.Bd3 Bb7
9.O-O a6 10.e4 c5 11.d5 c4 12.Bc2 Qc7 13.dxe6 fxe6 14.Nd4 Nc5 15.Be3 e5 16.Nf5 Rd8
17.Qf3 Bd6 18.Nd5 Bxd5 19.exd5 O-O 20.Qh3 e4 21.b3 Be5 22.Rad1 Nd3 23.bxc4 bxc4
24.d6 Qd7 25.f3 exf3 26.Rxd3 cxd3 27.Ne7+ Kf7 28.Bb3+ Ke8 29.Nf5 Ng4 30.Qxg4 Qxf5
31.Ba4+ Rd7 32.Bxd7+ Kxd7 33.Qa4+ Ke6 34.Rxf3 Qh5 35.Qc4+ Kd7 36.Qc7+ Ke6
37.Qe7+ Kd5 38.Qxf8  1-0

[Event "It"]
[Site "Reggio Emilia ITA"]
[Date "2001.01.06"]
[Round "8"]
[White "Naumkin,I"]
[Black "Zaja,I"]
[Result "1/2-1/2"]
[WhiteElo "2440"]
[BlackElo "2513"]

1.d4 d5 2.c4 c6 3.Nc3 e6 4.e3 Nf6 5.Nf3 Nbd7 6.Qc2 Bd6 7.Bd3 O-O 8.O-O h6
9.c5 Bc7 10.e4 dxe4 11.Nxe4 Nxe4 12.Bxe4 e5 13.Be3 exd4 14.Bxd4 Nf6  1/2-1/2